Digital Signal Processing (Record no. 9713)
[ view plain ]
| 000 -LEADER | |
|---|---|
| fixed length control field | 00403 a2200145 4500 |
| 020 ## - INTERNATIONAL STANDARD BOOK NUMBER | |
| International Standard Book Number | 9780070616684 |
| 040 ## - CATALOGING SOURCE | |
| Original cataloging agency | DLC |
| Language of cataloging | DLC |
| 082 ## - DEWEY DECIMAL CLASSIFICATION NUMBER | |
| Classification number | 621.3822 HAY |
| 100 ## - MAIN ENTRY--PERSONAL NAME | |
| Personal name | Hayes, M. H |
| 245 ## - TITLE STATEMENT | |
| Title | Digital Signal Processing |
| Statement of responsibility, etc. | M H Hayes |
| 260 ## - PUBLICATION, DISTRIBUTION, ETC. | |
| Place of publication, distribution, etc. | New Delhi |
| Name of publisher, distributor, etc. | Tata McGraw-Hill Publishing |
| Date of publication, distribution, etc. | 2008 |
| 500 ## - GENERAL NOTE | |
| General note | Includes Index |
| 650 ## - SUBJECT ADDED ENTRY--TOPICAL TERM | |
| Topical term or geographic name entry element | Signal processing--Digital techniques. |
| 942 ## - ADDED ENTRY ELEMENTS (KOHA) | |
| Koha item type | Book |
| Call number prefix | 621.3822 HAY |
| Source of classification or shelving scheme | |
| Withdrawn status | Lost status | Damaged status | Not for loan | Collection code | Permanent Location | Current Location | Shelving location | Date acquired | Source of acquisition | Cost, normal purchase price | Total Checkouts | Full call number | Barcode | Date last seen | Date last checked out | Price effective from | Koha item type |
|---|---|---|---|---|---|---|---|---|---|---|---|---|---|---|---|---|---|
| Central Library (CL) | Central Library (CL) | General Stacks | 10/16/2009 | Star Books | 471.08 | 1 | 621.3822 HAY | SEECS009799 | 05/25/2019 | 01/23/2019 | 01/05/2017 | Book | |||||
| Central Library (CL) | Central Library (CL) | General Stacks | 10/16/2009 | Star Books | 471.08 | 4 | 621.3822 HAY | SEECS009800 | 09/16/2021 | 01/19/2020 | 01/05/2017 | Book | |||||
| Central Library (CL) | Central Library (CL) | General Stacks | 10/16/2009 | Star Books | 471.08 | 6 | 621.3822 HAY | SEECS009801 | 01/07/2026 | 09/19/2025 | 01/05/2017 | Book | |||||
| Central Library (CL) | Central Library (CL) | General Stacks | 10/16/2009 | Star Books | 471.08 | 1 | 621.3822 HAY | SEECS009802 | 08/03/2019 | 10/03/2018 | 01/05/2017 | Book | |||||
| Central Library (CL) | Central Library (CL) | General Stacks | 01/24/2007 | Saeed Book Bank | 356.40 | 2 | 621.3822 HAY | SEECS008036 | 02/01/2022 | 09/20/2019 | 01/05/2017 | Book |
